| 000 | 00478nam a2200157Ia 4500 | ||
|---|---|---|---|
| 008 | 160316s2000 xxu||||| |||| 00| 0 eng d | ||
| 082 |
_a344.046000 _bNAI |
||
| 100 | _aNaidu M. Kamal | ||
| 245 | _aAiling zoos: Long-term solutions need to be found for the problems afflicting Indian zoos in order to ensure their better management and administration | ||
| 250 | _a | ||
| 260 |
_a _bFrontline _c2000 |
||
| 300 |
_a1 _b _c |
||
| 365 | _b | ||
| 650 | _a1. Wildlife | ||
| 700 |
_a _a |
||
| 999 |
_c37085 _d37085 |
||